000 00687cab a2200229 4500
001 X3861
008 090401t1996 xxu||||| |||| 00| 0 eng d
035 _a(Sirsi) u33423
041 _aeng
245 _aMelanesian Mission Trust v Australian Mutual
260 _c1996
350 _a0
490 _aNew Property Cases
_v[1996] NPC 188 (2);
520 _aPC 17 December 1996. A ratchet clause in a rent review provision is construed by the Privy Council. NOT TO BE PHOTOCOPIED.
650 _aMELANESIAN MISSION TRUST V AUSTRALIAN MUTUAL
650 _aPRIVY COUNCIL
650 _aRATCHET CLAUSE
650 _aRENT REVIEW
690 _aLAW
942 _n0
948 _c04/03/1997
999 _c22329
_d22329